TV Show Characters (1990s) Quiz Stats

Quiz Updated Aug 27, 2015

Challenge
Share
Tweet
Score 0/24 Timer 05:00
0 Plays Today
% Correct
Phoebe Buffay (Friends)
94.8%
Buffy Summers (Buffy the Vampire Slayer)
87%
Sabrina Spellman (Sabrina the Teenage Witch)
82.3%
Carlton Banks (The Fresh Prince of Bel-Air)
81.9%
Blossom Russo (Blossom)
73.1%
Dana Scully (The X-Files)
70.1%
Dawson Leery (Dawson's Creek)
68.5%
Carrie Bradshaw (Sex and the City)
66.1%
Angelica Pickles (Rugrats)
61.4%
Donna Pinciotti (That '70s Show)
54.6%
Martin Crane (Frasier)
42.6%
Debra Barone (Everybody Loves Raymond)
42%
% Correct
Rocko (Rocko's Modern Life)
41.9%
Kenan Rockmore (Kenan and Kel)
37.4%
Shawn Hunter (Boy Meets World)
34.5%
Dr. Mark Greene (ER)
31%
Mosquito 'Skeeter' Valentine (Doug)
30.2%
Kelly Taylor (Beverly Hills, 90210)
28.3%
Jack McCoy (Law & Order)
22.3%
Dick Solomon (3rd Rock from the Sun)
20.8%
Tommy Oliver (Mighty Morphin Power Rangers)
16%
Dr. Jennifer Melfi (The Sopranos)
15.1%
Joe Hackett (Wings)
12.2%
Dale Cooper (Twin Peaks)
11.7%

You're not logged in!

Compare scores with friends on all Sporcle quizzes.
Sign Up with Email
OR
Log In

You Might Also Like...

Show Comments

Extras

Top Quizzes Today


Score Distribution

Your Account Isn't Verified!

In order to create a playlist on Sporcle, you need to verify the email address you used during registration. Go to your Sporcle Settings to finish the process.

Report this User

Report this user for behavior that violates our Community Guidelines.

Details: